00668nam a2200169 i 4500001000300000100003400003245013900037260004800176300002700224504003200251700004500283040000800328041000800336080001500344008004100359856009800400bg1 aGórniewicz, Lechd(1941- ). 0aAnaliza matematyczna dla fizyków :b[skrypt dla studentów uniwersytetów].nT. 1 /cLech Górniewicz, Roman Stanisław Ingarden. aWarszawa :bPaństw. Wydawn. Nauk.,c1981. as. 260, nlb. 3 :brys. a[Zawiera bibliogr. s. 262].1 aIngarden, Roman Stanisławd(1920-2011). cBPK apol a517(075.8) s pl f |000 0 pol  uhttp://koha.tu.koszalin.pl/cgi-bin/koha/opac-detail.pl?biblionumber=19985yKatalog online BPK